000 00458nam a2200217Ia 4500
008 210210b1871 xxu||||| |||| 00| 0 eng d
041 _aeng
082 _a920/149
100 _a-
245 _aDiary of the besieged resident in Paris
260 _aLondon
_b-
_c1871
650 _athe
650 _aresident
650 _aParis
650 _aof
650 _ain
650 _aDiary
650 _abesieged
690 _aHistory
906 _a024891
999 _c150511
_d150511